Central Library OPAC University of Rajshahi

Input-output analysis : (Record no. 20224)

MARC details
000 -LEADER
fixed length control field 01067nam a2200277 a 4500
001 - CONTROL NUMBER
control field 20224
003 - CONTROL NUMBER IDENTIFIER
rucl marc code BD-RjUL
005 - DATE AND TIME OF LATEST TRANSACTION
control field 20211209000533.0
008 - FIXED-LENGTH DATA ELEMENTS--GENERAL INFORMATION
fixed length control field 140227s1955 nyu b 100 0 eng d
035 ## - SYSTEM CONTROL NUMBER
System control number (BD-RjUL)
040 ## - CATALOGING SOURCE
Original cataloging agency DLC
Transcribing agency ICU
Modifying agency XBM
-- OCL
-- YNG
-- BD-RjUL
Language of cataloging eng
041 ## - LANGUAGE CODE
Language code of text/sound track or separate title eng
082 00 - DEWEY DECIMAL CLASSIFICATION NUMBER
Edition number 21
Classification number 339.23
Author mark and year COI 1955
110 2# - MAIN ENTRY--CORPORATE NAME
Corporate name or jurisdiction name as entry element Conference on Research in Income and Wealth.
9 (RLIN) 132135
245 10 - TITLE STATEMENT
Title Input-output analysis :
Remainder of title an appraisal : a report of the National Bureau of Economic Research, New York /
Statement of responsibility, etc. by the Conference on Research in Income and Wealth.
260 ## - PUBLICATION, DISTRIBUTION, ETC. (IMPRINT)
Place of publication, distribution, etc. Princeton :
Name of publisher, distributor, etc. Princeton University Press,
Date of publication, distribution, etc. c1955 [second printing 1956]
300 ## - PHYSICAL DESCRIPTION
Pagination x, 371 p. ;
Size 24 cm
490 1# - SERIES STATEMENT
Series statement Studies in income and wealth ;
Volume/sequential designation v. 18
500 ## - GENERAL NOTE
General note Papers delivered at the conference held in Oct. 1952
504 ## - BIBLIOGRAPHY, ETC. NOTE
Bibliography, etc Includes bibliographical references
650 #0 - SUBJECT ADDED ENTRY--TOPICAL TERM
Topical term or geographic name as entry element Input-output analysis
9 (RLIN) 62338
Topical term or geographic name as entry element Economics, Mathematical
Form subdivision Congresses
9 (RLIN) 62339
830 #0 - SERIES ADDED ENTRY--UNIFORM TITLE
Volume number/sequential designation v. 18.
Uniform title Studies in income and wealth ;
942 ## - ADDED ENTRY ELEMENTS (KOHA)
Source of classification or shelving scheme Dewey Decimal Classification
Koha item type Books
Holdings
Lost status Source of classification or shelving scheme Damaged status Not for loan Collection code Permanent Location Current Location Shelving location Date acquired Source of acquisition Cost, normal purchase price Total Checkouts Full call number Date last seen Copy number Koha item type
  Dewey Decimal Classification     Non-fiction Central Library, University of Rajshahi Central Library, University of Rajshahi   22/10/1962 Zeitlinger 52.00   339.23 COI 1955 27/02/2014 C-3 Books
  Dewey Decimal Classification   Not For Loan Non-fiction Central Library, University of Rajshahi Central Library, University of Rajshahi Reading Room 22/10/1962 Zeitlinger 52.00   339.23 COI 1956 04/05/2017 C-1 Books